| 000 | 00668cam a22002294a 4500 | ||
|---|---|---|---|
| 008 | |||
| 020 | _a0849312744 (hbk.) | ||
| 049 | _aMAIN | ||
| 090 |
_aTJ163.12 _bDES |
||
| 100 | 1 | _aDe Silva, Clarence W. | |
| 245 | 1 | 0 |
_aMechatronics : _ban integrated approach / _cClarence W. de Silva. |
| 260 |
_aBoca Raton : _bCRC Press, _c2005. |
||
| 300 |
_a1312 p. : _bill. ; _c26 cm. |
||
| 500 | _aIncludes index. | ||
| 504 | _aIncludes bibliographical references. | ||
| 650 | 0 | _aMechatronics. | |
| 907 |
_a.b10381120 _b04-10-17 _c18-07-17 |
||
| 003 | |||
| 005 | 20230123122250.0 | ||
| 040 | _cNUST | ||
| 942 |
_cBOOKS _kTJ163.12 _mDES |
||
| 999 |
_c130665 _d130665 |
||